000 00263nam a2200109Ia 4500
008 231129s9999||||xx |||||||||||||| ||spa||
082 _a833.912 K718v
100 _aKnittel John.
245 0 _aVí­a mala
264 _aS.L: Circulo de lectores
942 _2ddc
_cBKS
999 _c26206
_d26206